01243cam a22003137a 4500003000500000005001700005008004100022010001000063011001000073035001000083040000900093082001800102100002800120245003100148260004800179300001100227490003300238590004100271590004200312650002200354830004000376901000700416942001000423949008600433949009200519999001700611952014800628952015300776CHAP20220329135637.0971013s1991 r 00010 d a39829 a40801 a44927 cCHAP a581.55724bA500aAllen, Michael F.9439914aThe ecology of mycorrhizae aLondon :bCambridge University Press,c1991 a184 p. 0aCambridge studies in ecology aBATCH-UPDb10c20130110lUCH01h1800 aCONVERSIONb10c20130109lUCH01h132214aMicorriza.9754860 aCambridge studies in ecology917818 aBK cLIBRO a581.55724 A5bBCcLIBROd33724000003125eLIBROgI.176616h88173i44927sit103.02 a581.55724 A5bBCcLIBROd33724000811154eLIBROfc.2gI.208935h99100i44927sit$326.00 c39829d39829 00102ddc4052708GRALaBCbBCcPA_GRALd2019-12-31eI.176616fLIBROl0o581.55724 A5p33724000003125r2019-12-31 00:00:00w2019-12-31yLIBRO 00102ddc4052708GRALaBCbBCcPA_GRALd2019-12-31eI.208935fLIBROl0o581.55724 A5p33724000811154r2019-12-31 00:00:00tc.2w2019-12-31yLIBRO